| 000 | 00877cab a2200277 4500 | ||
|---|---|---|---|
| 001 | ABS44978 | ||
| 008 | 090401t1991 xxu||||| |||| 00| 0 eng d | ||
| 035 | _a(Sirsi) u50158 | ||
| 041 | _aeng | ||
| 100 | _aMelia, C | ||
| 245 | _aPublic procurement in the European Community | ||
| 260 | _c1991 | ||
| 350 | _a0 | ||
| 490 |
_aSingle Market Monitor _v3(10) July 1991, 74-78 (2) |
||
| 520 | _aProvides details on the EC Public Works Directive and the Supplies Directive, which cover tendering for civil engineeering works and the purchase or rental of goods respectively. | ||
| 650 | _aCOMPLIANCE DIRECTIVE | ||
| 650 | _aCONSTRUCTION INDUSTRY | ||
| 650 | _aEC DIRECTIVES | ||
| 650 | _aEUROPE | ||
| 650 | _aSERVICES DIRECTIVE | ||
| 650 | _aSINGLE MARKET | ||
| 650 | _aUTILITIES DIRECTIVE | ||
| 690 | _aEUROPE-SINGLE MARKET | ||
| 942 | _n0 | ||
| 948 | _c04/03/1997 | ||
| 999 |
_c31325 _d31325 |
||